[Event "C'est un classique V"]
[Site "Chess.com"]
[Date "2021.01.20"]
[Round "1.4"]
[White "Saulnier-Legault, Lea"]
[Black "Turcotte, Jonathan"]
[Result "1-0"]
[WhiteElo "1653"]
[BlackElo "2035"]
[PlyCount "103"]
[EventDate "2021.01.23"]
[EventType "swiss"]
[EventRounds "5"]
[EventCountry "CAN"]

1. e4 c6 2. d4 d5 3. exd5 cxd5 4. c4 Nf6 5. Nf3 Nc6 6. h3 g6 7. Nc3 Bg7 8. Be3
O-O 9. a3 b6 10. Rc1 Bb7 11. b4 Re8 12. b5 Na5 13. c5 bxc5 14. dxc5 e5 15. c6
Bc8 16. Bg5 e4 17. Nd4 h6 18. Bf4 Nh5 19. Be3 f5 20. g3 Kh7 21. Be2 Nf6 22. Na4
g5 23. Qc2 Qc7 24. Qc3 f4 25. gxf4 gxf4 26. Bd2 Nc4 27. Bxc4 dxc4 28. Qxc4 e3
29. Bc3 Ne4 30. fxe3 fxe3 31. Ne2 Qe7 32. h4 Nf2 33. Rg1 Be6 34. Rxg7+ Qxg7 35.
Bxg7 Bxc4 36. Rxc4 Kxg7 37. c7 Nd3+ 38. Kd1 Ne5 39. Rc3 Nd7 40. Nd4 Kf6 41. Ke2
Rac8 42. Rc6+ Ke5 43. Nf3+ Kf4 44. Nc3 Nb6 45. a4 Na8 46. Nd5+ Kf5 47. a5 Re6
48. Nd4+ Ke5 49. Nxe6 Kxd5 50. Kxe3 a6 51. Nf4+ Ke5 52. b6 1-0

[Event "C'est un classique V"]
[Site "Chess.com"]
[Date "2021.01.23"]
[Round "1.6"]
[White "Dugas, Hugues"]
[Black "Varro, Daniel"]
[Result "0-1"]
[WhiteElo "1488"]
[BlackElo "1831"]
[PlyCount "65"]
[EventDate "2021.01.23"]
[EventType "swiss"]
[EventRounds "5"]
[EventCountry "CAN"]

1. g3 d5 2. Bg2 c6 3. Nh3 Nf6 4. O-O e5 5. d3 h6 6. f3 Bc5+ 7. e3 O-O 8. Nf2 a5
9. d4 exd4 10. exd4 Bd6 11. Re1 Bf5 12. c3 a4 13. a3 Nbd7 14. Nd2 Nb6 15. Bf1
Qc7 16. f4 Rfe8 17. c4 dxc4 18. Nxc4 Nxc4 19. Bxc4 Rxe1+ 20. Qxe1 Re8 21. Qd1
b5 22. Bf1 Qb6 23. b4 axb3 24. Qxb3 Qxd4 25. Bb2 Qd5 26. Qxd5 Nxd5 27. Rd1 Bc2
28. Rc1 Ne3 29. Re1 Re7 30. Bd4 Nf5 31. Rxe7 Bxe7 32. Bb2 Bc5 33. Bd3 0-1

[Event "C'est un classique V"]
[Site "Chess.com"]
[Date "2021.01.23"]
[Round "1.7"]
[White "Magner, Wilhelm"]
[Black "Courtemanche, Sylvain"]
[Result "1-0"]
[WhiteElo "1800"]
[BlackElo "1440"]
[PlyCount "49"]
[EventDate "2021.01.23"]
[EventType "swiss"]
[EventRounds "5"]
[EventCountry "CAN"]

1. d4 Nf6 2. Bf4 d5 3. e3 c5 4. c3 Nc6 5. Nf3 Qb6 6. Qb3 c4 7. Qc2 Bf5 8. Qc1
Nh5 9. Nbd2 Nxf4 10. exf4 h6 11. Be2 e6 12. O-O Bd6 13. Ne5 Nxe5 14. fxe5 Be7
15. f4 g5 16. g4 Bd3 17. Bxd3 cxd3 18. f5 f6 19. exf6 Bxf6 20. fxe6 Be5 21. Rf5
Bf4 22. Qd1 Qxb2 23. Rb1 Qxd2 24. Qa4+ Kd8 25. Qd7# 1-0

[Event "C'est un classique V"]
[Site "Chess.com"]
[Date "2021.01.30"]
[Round "2.1"]
[White "Latorre, Vincent"]
[Black "Magner, Wilhelm"]
[Result "1-0"]
[WhiteElo "2071"]
[BlackElo "1800"]
[PlyCount "77"]
[EventDate "2021.01.23"]
[EventType "swiss"]
[EventRounds "5"]
[EventCountry "CAN"]

1. e4 c6 2. d4 d5 3. exd5 cxd5 4. Bd3 Nc6 5. c3 e5 6. dxe5 Nxe5 7. Bb5+ Nc6 8.
Nf3 Nf6 9. O-O Bg4 10. h3 Be6 11. Re1 Bd6 12. Nbd2 O-O 13. Nb3 Qd7 14. Bf1 Rfe8
15. Nbd4 Ne4 16. a4 a6 17. Nxe6 fxe6 18. Bd3 Nf6 19. Bc2 Kh8 20. Bg5 h6 21.
Bxf6 gxf6 22. Nh4 f5 23. Qh5 Bf8 24. g4 fxg4 25. Qxg4 Bg7 26. Qg6 Bf8 27. Kh1
Qg7 28. Qd3 Rad8 29. Rg1 Ne5 30. Qd4 Qf6 31. Ng6+ Kg8 32. Nxe5+ Bg7 33. Rxg7+
Kxg7 34. Rg1+ Kf8 35. Nd7+ Rxd7 36. Qxf6+ Rf7 37. Qxh6+ Ke7 38. Bg6 Rf6 39.
Qg7+ 1-0

[Event "C'est un classique V"]
[Site "Chess.com"]
[Date "2021.01.30"]
[Round "2.2"]
[White "Varro, Daniel"]
[Black "Adam, Rafael"]
[Result "0-1"]
[WhiteElo "1831"]
[BlackElo "2049"]
[PlyCount "66"]
[EventDate "2021.01.23"]
[EventType "swiss"]
[EventRounds "5"]
[EventCountry "CAN"]

1. c4 e5 2. Nc3 Nc6 3. g3 f5 4. Bg2 Nf6 5. d3 Bb4 6. Nf3 d6 7. O-O h6 8. a3
Bxc3 9. bxc3 Bd7 10. Rb1 b6 11. Ne1 a5 12. d4 O-O 13. Nc2 Qe8 14. c5 dxc5 15.
dxc5 bxc5 16. Ne3 Be6 17. Qa4 Ra6 18. Rd1 e4 19. Nc4 Qf7 20. Ne3 Ne5 21. Rb5
Bd7 22. c4 Nfg4 23. f3 Nxe3 24. Bxe3 Rd6 25. Bxc5 Bxb5 26. cxb5 Rxd1+ 27. Qxd1
Rb8 28. Bd4 exf3 29. exf3 Rd8 30. Qa1 Nc4 31. a4 Qd5 32. Bc3 Qc5+ 33. Kh1 Ne3
0-1

[Event "C'est un classique V"]
[Site "Chess.com"]
[Date "2021.01.30"]
[Round "2.3"]
[White "Saulnier-Legault, Lea"]
[Black "Morin-Pare, Victor"]
[Result "1-0"]
[WhiteElo "1653"]
[BlackElo "1912"]
[PlyCount "52"]
[EventDate "2021.01.23"]
[EventType "swiss"]
[EventRounds "5"]
[EventCountry "CAN"]

1. e4 c6 2. d4 d5 3. exd5 cxd5 4. c4 Nf6 5. Nc3 Nc6 6. cxd5 Nxd5 7. Bc4 Be6 8.
Nxd5 Bxd5 9. Bxd5 Qxd5 10. Nf3 g6 11. O-O Bg7 12. Be3 O-O 13. Qd2 Rfd8 14. Rfc1
Nxd4 15. Bxd4 Bxd4 16. Rc7 e5 17. Re1 Qxa2 18. Rxb7 Rab8 19. Rxb8 Rxb8 20. Nxd4
Rxb2 21. Qh6 Rxf2 22. Nc6 Rxg2+ 23. Kh1 f6 24. Rd1 Rf2 25. Rd8+ Kf7 26. Qxh7+
Ke6 1-0

[Event "C'est un classique V"]
[Site "Chess.com"]
[Date "2021.01.30"]
[Round "2.4"]
[White "Turcotte, Jonathan"]
[Black "Pomerantz, Daniel"]
[Result "1-0"]
[WhiteElo "2035"]
[BlackElo "2198"]
[PlyCount "89"]
[EventDate "2021.01.23"]
[EventType "swiss"]
[EventRounds "5"]
[EventCountry "CAN"]

1. d4 Nf6 2. c4 e6 3. Nf3 Bb4+ 4. Bd2 a5 5. g3 d6 6. Bg2 Nbd7 7. Qc2 e5 8. Nc3
exd4 9. Nxd4 O-O 10. O-O Ne5 11. b3 Bc5 12. Nf5 Nc6 13. e3 Qd7 14. Nh4 Qe7 15.
h3 Bd7 16. Rad1 Rae8 17. Bc1 Bc8 18. Bb2 Ne5 19. Nf5 Qd7 20. Nd4 Nc6 21. Ndb5
Re7 22. Na4 Nb4 23. Qe2 Qf5 24. Nxc5 dxc5 25. a3 Nc6 26. Qd2 Ne4 27. Qd5 Qxd5
28. cxd5 Nb8 29. Nxc7 Nd6 30. Na8 Nd7 31. a4 b6 32. Nc7 Bb7 33. Rfe1 Rd8 34.
Nb5 Nxb5 35. axb5 Ree8 36. e4 f6 37. f4 Ra8 38. e5 a4 39. e6 Nf8 40. f5 axb3
41. d6 Bxg2 42. Kxg2 Ra2 43. Re2 c4 44. Kf2 Rc8 45. d7 1-0

[Event "C'est un classique V"]
[Site "Chess.com"]
[Date "2021.01.30"]
[Round "2.5"]
[White "Laroche, Hugo"]
[Black "Bilodeau-Savaria, Sandy-Rose"]
[Result "1-0"]
[WhiteElo "1738"]
[BlackElo "1700"]
[PlyCount "124"]
[EventDate "2021.01.23"]
[EventType "swiss"]
[EventRounds "5"]
[EventCountry "CAN"]

1. d4 d5 2. Bf4 Nf6 3. Nf3 c5 4. e3 e6 5. Nbd2 Nc6 6. c3 Bd6 7. Bg3 O-O 8. Bd3
Re8 9. O-O Bxg3 10. hxg3 cxd4 11. exd4 Qc7 12. Re1 e5 13. dxe5 Nxe5 14. Nxe5
Rxe5 15. Rxe5 Qxe5 16. Nf3 Qd6 17. Qb3 a6 18. Rd1 b5 19. c4 bxc4 20. Bxc4 Rb8
21. Qe3 Rxb2 22. Bxd5 Be6 23. Bb3 Qe7 24. Ng5 Ng4 25. Qd4 Bxb3 26. Qd8+ Qf8 27.
axb3 Rxb3 28. Qc7 h6 29. Qc2 hxg5 30. Qxb3 Qc5 31. Qf3 f5 32. Qd5+ Qxd5 33.
Rxd5 g6 34. Ra5 Kf7 35. Rxa6 Kg7 36. f3 Nf6 37. Kf2 Nd5 38. Rd6 Nf6 39. Ra6 Nd5
40. Ra5 Nf6 41. Ke3 Nh5 42. g4 Ng3 43. Ra1 Kf6 44. Kf2 f4 45. Ra6+ Kg7 46. Rd6
Kf7 47. Ke1 Kg7 48. Rd1 Kf7 49. Kd2 Ke6 50. Kd3 Kf7 51. Re1 Kg7 52. Kd4 Kf6 53.
Kd5 Kf7 54. Ke5 Ke7 55. Ra1 Kf7 56. Ra7+ Ke8 57. Kf6 Nf1 58. Kxg5 Ne3 59. Kxf4
Nxg2+ 60. Kg5 Ne1 61. f4 Nf3+ 62. Kxg6 Nd4 1-0

[Event "C'est un classique V"]
[Site "Chess.com"]
[Date "2021.01.30"]
[Round "2.6"]
[White "Dube, Daniel"]
[Black "Dugas, Hugues"]
[Result "1-0"]
[WhiteElo "1697"]
[BlackElo "1488"]
[PlyCount "55"]
[EventDate "2021.01.23"]
[EventType "swiss"]
[EventRounds "5"]
[EventCountry "CAN"]

1. e4 g6 2. d4 d6 3. c4 Bg7 4. Nc3 e6 5. Nf3 Ne7 6. Bg5 f6 7. Be3 O-O 8. Qd2 e5
9. d5 f5 10. Bh6 f4 11. Bxg7 Kxg7 12. h4 Bg4 13. Ng5 h6 14. Ne6+ Bxe6 15. dxe6
Rf6 16. g3 Nbc6 17. Bh3 Nd4 18. O-O-O Nxe6 19. Bxe6 Rxe6 20. gxf4 exf4 21. Qxf4
Qf8 22. Qe3 c6 23. f4 b6 24. h5 Kf7 25. hxg6+ Ke8 26. f5 Nxf5 27. Qh3 Ng7 28.
Rhf1 1-0

[Event "C'est un classique V"]
[Site "Chess.com"]
[Date "2021.01.30"]
[Round "2.7"]
[White "Mohit, Surdasji"]
[Black "Courtemanche, Sylvain"]
[Result "1-0"]
[WhiteElo "1510"]
[BlackElo "1440"]
[PlyCount "47"]
[EventDate "2021.01.23"]
[EventType "swiss"]
[EventRounds "5"]
[EventCountry "CAN"]

1. e4 e5 2. Nf3 Nc6 3. Bb5 a6 4. Ba4 Nf6 5. Nc3 Be7 6. O-O d6 7. d4 b5 8. Bb3
Bg4 9. Be3 Bxf3 10. gxf3 exd4 11. Bxd4 Nxd4 12. Qxd4 c5 13. Qe3 c4 14. Bxc4
bxc4 15. Rad1 Qc7 16. Qg5 O-O 17. Qg3 Rab8 18. Kh1 Rxb2 19. Rg1 g6 20. Qh3 Rxc2
21. Nd5 Nxd5 22. Rxd5 Qc8 23. Qh6 Qe6 24. Rh5 1-0

[Event "C'est un classique V"]
[Site "Chess.com"]
[Date "2021.02.06"]
[Round "3.1"]
[White "Adam, Rafael"]
[Black "Latorre, Vincent"]
[Result "0-1"]
[WhiteElo "2049"]
[BlackElo "2071"]
[PlyCount "127"]
[EventDate "2021.01.23"]
[EventType "swiss"]
[EventRounds "5"]
[EventCountry "CAN"]

1. d4 Nf6 2. c4 g6 3. Nf3 Bg7 4. Nc3 O-O 5. e4 d6 6. Be2 e5 7. dxe5 dxe5 8. O-O
Qxd1 9. Rxd1 Be6 10. Ng5 Bd7 11. Be3 Na6 12. Nf3 Be6 13. Ng5 Bd7 14. Rd2 h6 15.
Nf3 Bc6 16. Nxe5 Nxe4 17. Nxe4 Bxe4 18. Nf3 Rad8 19. Rad1 Rxd2 20. Rxd2 c5 21.
Ne1 f5 22. f3 Bc6 23. Bf2 Re8 24. Kf1 Kf7 25. Nd3 b6 26. a3 Re7 27. Rc2 Rd7 28.
Bg3 Ke6 29. Nf4+ Kf7 30. Be1 Ba4 31. Rc1 Bxb2 32. Rb1 Be5 33. Nd5 Bc6 34. f4
Bd4 35. Bf3 Bb7 36. Bh4 Nb8 37. g4 Ba6 38. Be2 fxg4 39. a4 Nc6 40. Be1 Ne7 41.
Nxe7 Rxe7 42. a5 Re6 43. axb6 Rxb6 44. Rxb6 axb6 45. Bh4 Bf6 46. Bg3 h5 47. Ke1
Ke6 48. Kd2 Bb7 49. Bd3 g5 50. fxg5 Bxg5+ 51. Ke2 Bf3+ 52. Kf2 h4 53. Bc7 Bf6
54. Ke3 Be5 55. Bd8 h3 56. Bf1 Bc6 57. Be2 Kf5 58. Bd3+ Ke6 59. Be2 g3 60. Bg4+
Kf7 61. Bh5+ Kg7 62. Bf3 Bxf3 63. Kxf3 gxh2 64. Bf6+ 0-1

[Event "C'est un classique V"]
[Site "Chess.com"]
[Date "2021.02.06"]
[Round "3.2"]
[White "Laroche, Hugo"]
[Black "Saulnier-Legault, Lea"]
[Result "1-0"]
[WhiteElo "1738"]
[BlackElo "1653"]
[PlyCount "99"]
[EventDate "2021.01.23"]
[EventType "swiss"]
[EventRounds "5"]
[EventCountry "CAN"]

1. d4 d5 2. Bf4 Nf6 3. Nf3 Bf5 4. e3 e6 5. Bd3 Bxd3 6. Qxd3 Nc6 7. c3 Be7 8.
Nbd2 Nh5 9. Bg3 O-O 10. e4 f5 11. exf5 exf5 12. Be5 Qd7 13. O-O-O a5 14. Rde1
a4 15. a3 Na5 16. h3 f4 17. Re2 b5 18. Rhe1 Rf7 19. Kb1 Nc4 20. Kc1 Rb8 21. Kb1
Rb6 22. Kc1 h6 23. g4 fxg3 24. fxg3 c5 25. g4 Nxb2 26. Kxb2 b4 27. axb4 cxb4
28. c4 b3 29. c5 a3+ 30. Kb1 a2+ 31. Kb2 Rb7 32. gxh5 Qa4 33. Re3 Bf8 34. Ra1
Ra7 35. Nxb3 Rfb7 36. Nfd2 Be7 37. Rg3 Bg5 38. Nf3 Qa3+ 39. Kc2 Ra4 40. Nfd2
Rbb4 41. Qf3 Bxd2 42. Kxd2 Qb2+ 43. Ke1 Qb1+ 44. Kf2 Qc2+ 45. Qe2 Qf5+ 46. Kg2
g5 47. hxg6 Rc4 48. Rf3 Qg5+ 49. Kh1 h5 50. g7 1-0

[Event "C'est un classique V"]
[Site "Chess.com"]
[Date "2021.02.06"]
[Round "3.3"]
[White "Magner, Wilhelm"]
[Black "Turcotte, Jonathan"]
[Result "1-0"]
[WhiteElo "1800"]
[BlackElo "2035"]
[PlyCount "61"]
[EventDate "2021.01.23"]
[EventType "swiss"]
[EventRounds "5"]
[EventCountry "CAN"]

1. d4 d5 2. Bf4 c5 3. e3 Nc6 4. c3 Nf6 5. Nd2 Bf5 6. Qb3 Qc8 7. Ngf3 c4 8. Qd1
e6 9. Be2 Be7 10. O-O O-O 11. Nh4 Be4 12. f3 Bd3 13. Bxd3 cxd3 14. g3 Nh5 15.
Ng2 g5 16. Bxg5 Bxg5 17. f4 Nxg3 18. hxg3 Be7 19. Nf3 Kh8 20. Qxd3 Rg8 21. Kf2
e5 22. fxe5 Qg4 23. Nf4 Qxg3+ 24. Ke2 Bh4 25. Nxh4 Qxh4 26. Rh1 Qg4+ 27. Kd2
Rg7 28. Rag1 Qf3 29. Rxg7 Qxh1 30. Rxf7 Rg8 31. Qf5 1-0

[Event "C'est un classique V"]
[Site "Chess.com"]
[Date "2021.02.06"]
[Round "3.4"]
[White "Morin-Pare, Victor"]
[Black "Dube, Daniel"]
[Result "1-0"]
[WhiteElo "1912"]
[BlackElo "1697"]
[PlyCount "57"]
[EventDate "2021.01.23"]
[EventType "swiss"]
[EventRounds "5"]
[EventCountry "CAN"]

1. d4 g6 2. e4 d6 3. Nc3 c6 4. Be3 Bg7 5. Qd2 e6 6. O-O-O Nd7 7. f4 Ngf6 8. h3
b5 9. e5 dxe5 10. fxe5 b4 11. exf6 bxc3 12. Qxc3 Nxf6 13. Qxc6+ Bd7 14. Qd6 Nd5
15. Bf2 Bh6+ 16. Kb1 Rb8 17. Re1 Nc3+ 18. Ka1 Qa5 19. Qxb8+ Ke7 20. Qb3 Rc8 21.
Qa3+ Qxa3 22. bxa3 Ba4 23. Bd3 Nxa2 24. Kxa2 Bxc2 25. Be3 Bxe3 26. Rxe3 Bxd3
27. Rxd3 Rc2+ 28. Kb3 Rxg2 29. Nf3 1-0

[Event "C'est un classique V"]
[Site "Chess.com"]
[Date "2021.02.06"]
[Round "3.5"]
[White "Mohit, Surdasji"]
[Black "Varro, Daniel"]
[Result "0-1"]
[WhiteElo "1510"]
[BlackElo "1831"]
[PlyCount "60"]
[EventDate "2021.01.23"]
[EventType "swiss"]
[EventRounds "5"]
[EventCountry "CAN"]

1. e4 c5 2. Nf3 e6 3. d4 cxd4 4. Nxd4 Nf6 5. Nc3 Nc6 6. Be2 Bb4 7. Bg5 Qa5 8.
Qd3 Bxc3+ 9. bxc3 Qxg5 10. O-O d5 11. f4 dxe4 12. Qd2 Qc5 13. Kh1 O-O 14. Nb3
Qe7 15. c4 Rd8 16. Qe3 b6 17. c3 Bb7 18. Nd2 Na5 19. Bd1 Rac8 20. Qe2 Ba6 21.
Bb3 Qc7 22. Nxe4 Nxe4 23. Qxe4 Nxc4 24. Bc2 g6 25. Rf2 Na3 26. Bb3 Bc4 27. Bd1
Bd5 28. Qe3 Qxc3 29. Qxc3 Rxc3 30. Ba4 b5 0-1

[Event "C'est un classique V"]
[Site "Chess.com"]
[Date "2021.02.06"]
[Round "3.6"]
[White "Pomerantz, Daniel"]
[Black "Bilodeau-Savaria, Sandy-Rose"]
[Result "1-0"]
[WhiteElo "2198"]
[BlackElo "1700"]
[PlyCount "89"]
[EventDate "2021.01.23"]
[EventType "swiss"]
[EventRounds "5"]
[EventCountry "CAN"]

1. e4 c5 2. Nf3 d6 3. d4 cxd4 4. Nxd4 Nf6 5. Nc3 a6 6. Be2 e5 7. Nb3 Be7 8. Be3
Be6 9. Nd5 Nbd7 10. Qd3 Bxd5 11. exd5 Qc7 12. O-O O-O 13. c4 Rac8 14. Qd2 Nb6
15. Na5 Nfd7 16. b4 f5 17. f3 Bf6 18. Rac1 Be7 19. Rfd1 Nf6 20. c5 Nbd7 21. c6
bxc6 22. Nxc6 Nb8 23. Na7 Qb7 24. Nxc8 Rxc8 25. Rxc8+ Qxc8 26. a4 Qb7 27. b5
axb5 28. Bxb5 Nfd7 29. Qd3 g6 30. Bxd7 Qxd7 31. Qb5 Qxb5 32. axb5 Kf7 33. Ba7
Nd7 34. b6 Nc5 35. Rc1 Bd8 36. Rxc5 dxc5 37. b7 Bc7 38. b8=Q Bxb8 39. Bxb8 e4
40. fxe4 fxe4 41. Kf2 Ke7 42. Ke3 Kd7 43. Kxe4 Kc8 44. Bd6 Kd7 45. Bxc5 1-0

[Event "C'est un classique V"]
[Site "Chess.com"]
[Date "2021.02.06"]
[Round "3.7"]
[White "Courtemanche, Sylvain"]
[Black "Dugas, Hugues"]
[Result "0-1"]
[WhiteElo "1440"]
[BlackElo "1488"]
[PlyCount "44"]
[EventDate "2021.01.23"]
[EventType "swiss"]
[EventRounds "5"]
[EventCountry "CAN"]

1. e4 g6 2. d4 d6 3. Nf3 Bg7 4. Nc3 Nf6 5. h3 O-O 6. Be3 Nbd7 7. e5 dxe5 8.
dxe5 Ne8 9. e6 fxe6 10. Bc4 Nd6 11. Bxe6+ Kh8 12. Qe2 Nf6 13. Bxc8 Qxc8 14. O-O
c6 15. a4 b6 16. a5 b5 17. Bc5 Qc7 18. Ng5 Qd7 19. Ne6 Rf7 20. Nxg7 Kxg7 21. a6
Raf8 22. Bxa7 Qxa7 0-1

[Event "C'est un classique V"]
[Site "Chess.com"]
[Date "2021.02.13"]
[Round "4.1"]
[White "Latorre, Vincent"]
[Black "Laroche, Hugo"]
[Result "0-1"]
[WhiteElo "2071"]
[BlackElo "1738"]
[PlyCount "62"]
[EventDate "2021.01.23"]
[EventType "swiss"]
[EventRounds "5"]
[EventCountry "CAN"]

1. e4 e5 2. Nf3 Nc6 3. Bc4 Bc5 4. c3 Nf6 5. d3 d6 6. O-O a6 7. Bb3 Ba7 8. h3
O-O 9. Re1 Ne7 10. Nbd2 Ng6 11. Nf1 c6 12. Ng3 d5 13. exd5 Nxd5 14. Bg5 Qc7 15.
d4 exd4 16. Nxd4 Bd7 17. Ngf5 Rfe8 18. Qf3 h6 19. Bf4 Qc8 20. Bg5 Qc7 21. Bxh6
Bxd4 22. cxd4 Bxf5 23. Bxg7 Nh4 24. Qh5 Kxg7 25. Qxh4 Qf4 26. Qh5 Bg6 27. Qg4
Qxg4 28. hxg4 f6 29. Rxe8 Rxe8 30. Rc1 Nf4 31. Kh2 Rh8+ 0-1

[Event "C'est un classique V"]
[Site "Chess.com"]
[Date "2021.02.13"]
[Round "4.2"]
[White "Magner, Wilhelm"]
[Black "Adam, Rafael"]
[Result "1-0"]
[WhiteElo "1800"]
[BlackElo "2049"]
[PlyCount "53"]
[EventDate "2021.01.23"]
[EventType "swiss"]
[EventRounds "5"]
[EventCountry "CAN"]

1. d4 Nf6 2. Bf4 g6 3. Nc3 d5 4. e3 Bg7 5. h4 c5 6. Nb5 Na6 7. a4 O-O 8. h5
gxh5 9. Rxh5 Bg4 10. Be2 Bxh5 11. Bxh5 Qb6 12. c3 cxd4 13. exd4 Ne4 14. Qf3 Qf6
15. O-O-O Ng5 16. Qg4 Ne6 17. Be3 Nb8 18. Nf3 Nd7 19. Rh1 a6 20. Nc7 Rac8 21.
Nxd5 b5 22. Nxf6+ Nxf6 23. Bxf7+ Kxf7 24. Ne5+ Ke8 25. Qxe6 Rc7 26. d5 Kd8 27.
Bb6 1-0

[Event "C'est un classique V"]
[Site "Chess.com"]
[Date "2021.02.13"]
[Round "4.3"]
[White "Varro, Daniel"]
[Black "Morin-Pare, Victor"]
[Result "0-1"]
[WhiteElo "1831"]
[BlackElo "1912"]
[PlyCount "56"]
[EventDate "2021.01.23"]
[EventType "swiss"]
[EventRounds "5"]
[EventCountry "CAN"]

1. c4 Nf6 2. Nc3 e5 3. g3 Bc5 4. Bg2 O-O 5. e3 c6 6. Nge2 Bb6 7. O-O d5 8. cxd5
cxd5 9. d4 e4 10. f3 exf3 11. Bxf3 Bh3 12. Nf4 Bxf1 13. Qxf1 Nc6 14. Nfxd5 Nxd5
15. Nxd5 Re8 16. Bd2 Rc8 17. b4 Nxd4 18. Bg2 Nc2 19. Rd1 Bxe3+ 20. Nxe3 Qd4 21.
Bxb7 Nxe3 22. Bxe3 Qxe3+ 23. Kh1 Rc2 24. Bd5 Rf2 25. Qg1 Qe2 26. Bc6 Rxh2+ 27.
Qxh2 Qxd1+ 28. Qg1 Re1 0-1

[Event "C'est un classique V"]
[Site "Chess.com"]
[Date "2021.02.13"]
[Round "4.4"]
[White "Saulnier-Legault, Lea"]
[Black "Pomerantz, Daniel"]
[Result "1/2-1/2"]
[WhiteElo "1653"]
[BlackElo "2198"]
[PlyCount "112"]
[EventDate "2021.01.23"]
[EventType "swiss"]
[EventRounds "5"]
[EventCountry "CAN"]

1. e4 c5 2. Nf3 e6 3. d4 cxd4 4. Nxd4 Nc6 5. Be3 a6 6. Be2 Qc7 7. O-O Nf6 8.
Nd2 d5 9. Bf3 Nxd4 10. Bxd4 e5 11. Be3 d4 12. Bg5 Be7 13. Rc1 Be6 14. Be2 h6
15. Bxf6 Bxf6 16. c3 dxc3 17. Rxc3 Qd7 18. Nc4 Qxd1 19. Rxd1 O-O 20. Nb6 Rad8
21. Nd5 Bxd5 22. exd5 Rd6 23. Rc7 b5 24. b3 Rfd8 25. Bf3 g6 26. Rdc1 Kg7 27.
Kf1 Bg5 28. R1c6 Bd2 29. Ra7 a5 30. Rcc7 Rf8 31. Rab7 b4 32. Ra7 Kf6 33. Rxa5
Kg5 34. Rc6 Rfd8 35. Raa6 Rxc6 36. Rxc6 f5 37. Rc5 e4 38. Be2 Rd6 39. Bc4 Kf6
40. Ke2 Bc3 41. Ra5 Ke5 42. a4 bxa3 43. Rxa3 Bb4 44. Ra8 Rb6 45. f3 exf3+ 46.
Kxf3 Bc5 47. Re8+ Kf6 48. Rc8 Bd4 49. g4 fxg4+ 50. Kxg4 h5+ 51. Kf3 Kf5 52. Rd8
g5 53. h3 g4+ 54. hxg4+ hxg4+ 55. Kg2 Be5 56. Rf8+ Rf6 1/2-1/2

[Event "C'est un classique V"]
[Site "Chess.com"]
[Date "2021.02.13"]
[Round "4.5"]
[White "Dugas, Hugues"]
[Black "Turcotte, Jonathan"]
[Result "0-1"]
[WhiteElo "1488"]
[BlackElo "2035"]
[PlyCount "46"]
[EventDate "2021.01.23"]
[EventType "swiss"]
[EventRounds "5"]
[EventCountry "CAN"]

1. g3 d5 2. Bg2 e5 3. d3 Nf6 4. Nh3 Bc5 5. O-O O-O 6. e3 h6 7. f3 Nc6 8. Nf2
Qe7 9. a3 a5 10. Re1 Re8 11. Bd2 Be6 12. Nc3 Rad8 13. Rb1 d4 14. Nce4 Nxe4 15.
Nxe4 dxe3 16. Bxe3 Bxe3+ 17. Rxe3 f5 18. Nd2 Qc5 19. Qe2 f4 20. Ne4 Qxe3+ 21.
Qxe3 fxe3 22. Bf1 Nd4 23. Kg2 e2 0-1

[Event "C'est un classique V"]
[Site "Chess.com"]
[Date "2021.02.13"]
[Round "4.6"]
[White "Dube, Daniel"]
[Black "Mohit, Surdasji"]
[Result "1-0"]
[WhiteElo "1697"]
[BlackElo "1510"]
[PlyCount "155"]
[EventDate "2021.01.23"]
[EventType "swiss"]
[EventRounds "5"]
[EventCountry "CAN"]

1. e4 c5 2. Nf3 d6 3. d4 cxd4 4. Nxd4 Nf6 5. Nc3 e6 6. g4 h6 7. h3 Be7 8. Bg2
Nc6 9. Be3 a6 10. Nxc6 bxc6 11. O-O Qc7 12. f4 Bb7 13. Qf3 O-O-O 14. a4 Rdf8
15. a5 Nd7 16. Na4 f5 17. Nb6+ Kb8 18. Nxd7+ Qxd7 19. exf5 exf5 20. Rfd1 fxg4
21. hxg4 h5 22. gxh5 Qf5 23. Ra3 d5 24. Rb3 Qxc2 25. Bd4 Rxh5 26. Rxb7+ Kxb7
27. Qxh5 Bb4 28. Rf1 Bxa5 29. Bxg7 Rf5 30. Qh7 Bc7 31. Be5 Qc5+ 32. Kh1 Rxe5
33. fxe5 Qe3 34. Qf5 Qh6+ 35. Bh3 Bxe5 36. Qxe5 Qxh3+ 37. Kg1 Qg4+ 38. Kf2 Qh4+
39. Ke2 Qc4+ 40. Kf2 Qh4+ 41. Qg3 Qd4+ 42. Kg2 Qxb2+ 43. Rf2 Qd4 44. Qg6 Kb6
45. Qb1+ Kc5 46. Qc1+ Kd6 47. Qh6+ Kc7 48. Qh7+ Kb6 49. Qb1+ Kc7 50. Rf7+ Kd6
51. Qb8+ Kc5 52. Rf4 Qd2+ 53. Kg3 Qe1+ 54. Kg4 Qe6+ 55. Kh5 Qe2+ 56. Kg5 Qd2
57. Qf8+ Kb5 58. Qb8+ Kc5 59. Qa7+ Kd6 60. Qxa6 Ke5 61. Qa1+ Kd6 62. Qf6+ Kc5
63. Kg6 Qd3+ 64. Kf7 Qh7+ 65. Ke6 Qg8+ 66. Qf7 Qxf7+ 67. Rxf7 Kc4 68. Ke5 d4
69. Ke4 c5 70. Rd7 Kc3 71. Rd5 Kc4 72. Rh5 Kb4 73. Kd3 Kb5 74. Rh8 Kc6 75. Rc8+
Kb5 76. Rb8+ Kc6 77. Kc4 Kc7 78. Rb5 1-0

[Event "C'est un classique V"]
[Site "Chess.com"]
[Date "2021.02.13"]
[Round "4.7"]
[White "Bilodeau-Savaria, Sandy-Rose"]
[Black "Courtemanche, Sylvain"]
[Result "1-0"]
[WhiteElo "1700"]
[BlackElo "1440"]
[PlyCount "25"]
[EventDate "2021.01.23"]
[EventType "swiss"]
[EventRounds "5"]
[EventCountry "CAN"]

1. d4 Nf6 2. c4 g6 3. Nc3 Bg7 4. e4 d6 5. h3 O-O 6. Nf3 e5 7. d5 a5 8. Be2 Na6
9. Be3 Nc5 10. Qc2 Ne8 11. g4 Bd7 12. O-O-O Na4 13. Nxa4 1-0

[Event "C'est un classique V"]
[Site "Chess.com"]
[Date "2021.02.20"]
[Round "5.1"]
[White "Laroche, Hugo"]
[Black "Magner, Wilhelm"]
[Result "1/2-1/2"]
[WhiteElo "1738"]
[BlackElo "1800"]
[PlyCount "117"]
[EventDate "2021.01.23"]
[EventType "swiss"]
[EventRounds "5"]
[EventCountry "CAN"]

1. d4 d5 2. Bf4 c5 3. e3 Nc6 4. c3 Nf6 5. Nd2 Bf5 6. Ngf3 e6 7. Be2 h6 8. h3
cxd4 9. exd4 Bd6 10. Bxd6 Qxd6 11. O-O O-O 12. Re1 a6 13. a4 Rab8 14. Nb3 Rfc8
15. Nc5 Ne4 16. Nb3 b5 17. axb5 axb5 18. Nfd2 Nxd2 19. Qxd2 b4 20. Nc5 bxc3 21.
bxc3 Rb6 22. Bd3 Bxd3 23. Qxd3 Rcb8 24. Reb1 Rxb1+ 25. Rxb1 Rxb1+ 26. Qxb1 Qb8
27. Qxb8+ Nxb8 28. Kf1 Kf8 29. Ke2 Ke7 30. Kd3 Kd6 31. c4 dxc4+ 32. Kxc4 Nc6
33. Ne4+ Kd7 34. d5 exd5+ 35. Kxd5 Nb4+ 36. Kc4 Nc2 37. Kc3 Ne1 38. g4 Ke6 39.
Kd4 f5 40. Ng3 fxg4 41. hxg4 Nf3+ 42. Ke4 Nh2 43. f3 Kf6 44. Kf4 Kg6 45. Ke3
Kg5 46. Kf2 Nxg4+ 47. fxg4 Kxg4 48. Kg2 h5 49. Nh1 h4 50. Nf2+ Kf4 51. Kh3 g5
52. Ng4 Kf3 53. Nh2+ Kf2 54. Ng4+ Kg1 55. Nh2 Kh1 56. Ng4 Kg1 57. Nh2 Kf2 58.
Ng4+ Kf3 59. Nh2+ 1/2-1/2

[Event "C'est un classique V"]
[Site "Chess.com"]
[Date "2021.02.20"]
[Round "5.2"]
[White "Morin-Pare, Victor"]
[Black "Latorre, Vincent"]
[Result "0-1"]
[WhiteElo "1912"]
[BlackElo "2071"]
[PlyCount "74"]
[EventDate "2021.01.23"]
[EventType "swiss"]
[EventRounds "5"]
[EventCountry "CAN"]

1. Nf3 Nf6 2. c4 g6 3. Nc3 Bg7 4. g3 d6 5. d4 O-O 6. Bg2 a5 7. O-O Nbd7 8. b3
e5 9. dxe5 dxe5 10. Bb2 c6 11. Qc2 Re8 12. e3 Nc5 13. Rfd1 Qb6 14. Rd2 Bf5 15.
Qd1 Nfe4 16. Nxe4 Nxe4 17. Re2 Rad8 18. Qe1 Nc5 19. Bc3 Nd3 20. Bxa5 Qa7 21.
Qd2 b6 22. e4 Nf4 23. gxf4 Rxd2 24. Bxd2 exf4 25. Rae1 Bg4 26. Bxf4 Qe7 27. e5
Qd7 28. Rd2 Qf5 29. Rd4 c5 30. Nh4 Qh5 31. Rde4 Qxh4 32. Bg3 Qg5 33. R1e3 Qf5
34. f3 Bh3 35. Rf4 Qd7 36. e6 Bxe6 37. Kh1 Bh6 0-1